Statistiques concernant Culture Générale - Série 1342

Cliquez ici pour prendre le quiz!

Statistiques générales

  • Ce quiz a été pris 44 fois
  • Le résultat moyen est 5 sur 10

Statistiques - réponses

Question Réponse % Correct
Quelle île italienne a pour chef-lieu Cagliari ?Sardaigne
85%
Qu'est-ce qui peut être "de mots croisés", "d'égout" ou "de salaires" ?grille
82%
Quel héros de Corneille proclame : “Je suis jeune, il est vrai ; mais aux âmes bien nées, la valeur n'attend point le nombre des années” ?Rodrigue
72%
De quel pays Mario Soares a-t-il été le président, de 1986 à 1996 ?Portugal
72%
Dans le roman "Madame Bovary", de Flaubert, quelle profession exerce Charles, le mari d'Emma ?médecin
51%
Qui chante “Valentine” en 1924 ?Maurice Chevalier
38%
Quel ancien joueur de rugby français, né à Caracas, détient le record du nombre d'essais marqués en équipe de France ?Serge Blanco
33%
En 1936, quel roi d'Angleterre abdique afin d'épouser une Américaine divorcée ?Edouard VIII
23%
Quel prix littéraire a été créé par des journalistes, en 1930, pour récompenser le roman d'un journaliste ?prix Interallié
10%
Quel chanteur enregistre "La Bamba" en 1959, peu de temps avant de disparaître ?Ritchie Valens
3%

Distribution des résultats

Percentile par nombre de réponses

% des personnes avec chaque résultat

Votre développement - résultats

Vous n’avez pas pris ce quiz